000 00895cam a2200265 a 4500
001 3185
005 20251202135607.0
020 _a9780545258296
040 _aDLC
_cDLC
_dDLC
_beng
050 0 0 _aPZ7.R719445
_b 2009
082 0 0 _a813.6
100 1 _aRosenthal, Amy Krouse
245 1 0 _aDuck! Rabbit! /
_cRosenthal, Amy Krouse : illustrated by Lichtenheld, Tom
250 _aFirst Scholastic printing , February 2013
260 _aNew York :
_bScholastic ,
_c2009
300 _a30 unnumbered pages :
_bcolor illustrations ;
_c21 cm .
505 _aF
520 _aTwo unseen characters argue about whether the creature they are looking at is a rabbit or a duck.
521 _a300
_bLexile
521 _aF
_bRaz-Plus
650 1 _aAnimals
_vFiction.
700 1 _aLichtenheld, Tom
_eillustrator
906 _a7
_bcbc
_corignew
_d1
_eecip
_f20
_gy-gencatlg
942 _2ddc
_cBK
_n0
999 _c3185
_d3185